000 00558nam a2200169Ia 4500
008 100122s9999 xx 000 0 und d
082 _b35881
_a181.45
100 _aAUROBINDO
245 _aDHYANA ( क.क्र.21/4 )
260 _bDIPTI PUBLICATION
_c1905
300 _a60
520 _aकै.मा.सी.पेंढारकर ग्रंथभेट
620 _aकै.मा.सी.पेंढारकर ग्रंथभेट
630 _aDHYANA ( क.क्र.21/4 )
730 _aDHYANA ( क.क्र.21/4 )
942 _cBOOK
999 _c371345
_d371342